[Event "Ïåðâåíñòâî Ìîñêâû ïî øàõìàòàì 2015 ñðåäè"]
[Site "Moscow"]
[Date "2015.11.19"]
[Round "8.11"]
[White "Õóäÿêîâ, Ñòàíèñëàâ."]
[Black "Êàðàñåíè, Èâàí."]
[Result "1-0"]
[WhiteElo "1750"]
[BlackElo "1916"]
[PlyCount "73"]
[EventDate "2015.11.12"]

1. e4 c5 2. c3 d5 3. exd5 Qxd5 4. d4 cxd4 5. cxd4 Nc6 6. Nf3 Bg4 7. Nc3 Bxf3 8.
gxf3 Qxd4 9. Qxd4 Nxd4 10. Nb5 e5 11. Nc7+ Kd7 12. Nxa8 Bb4+ 13. Kd1 Ne7 14.
Be3 Nec6 15. Rg1 g6 16. Bc4 f6 17. a3 Be7 18. Bd5 Rxa8 19. f4 exf4 20. Bxf4 Rd8
21. Rh1 Kc8 22. Bxc6 Nb3+ 23. Ke2 Nxa1 24. Ba4 Rd4 25. Rc1+ Bc5 26. Rxc5+ Kd8
27. Bc7+ Ke7 28. Bd1 Re4+ 29. Kf1 Kd7 30. Bg3 f5 31. Rc1 g5 32. f3 Nb3 33. Bxb3
Re3 34. Bd1 f4 35. Bf2 Rd3 36. Ba4+ Kd6 37. Rd1 1-0

[Event "Ïåðâåíñòâî Ìîñêâû ïî øàõìàòàì 2015 ñðåäè"]
[Site "Moscow"]
[Date "2015.11.19"]
[Round "8.12"]
[White "Òâåðäîõëåá, Àëåêñàíäð."]
[Black "Òåðòû÷íûé, Äìèòðèé."]
[Result "1-0"]
[WhiteElo "1885"]
[BlackElo "1704"]
[PlyCount "63"]
[EventDate "2015.11.12"]

1. e4 c6 2. d4 d5 3. Nd2 dxe4 4. Nxe4 Bf5 5. Ng3 Bg6 6. Nf3 Nd7 7. Bd3 Bxd3 8.
Qxd3 Qc7 9. O-O e6 10. Re1 Ngf6 11. Bg5 Bd6 12. Ne4 O-O-O 13. Nxd6+ Qxd6 14.
Bh4 h6 15. Bg3 Qe7 16. c4 Nh5 17. Qc3 Nxg3 18. hxg3 Qf6 19. Qa5 Kb8 20. b4 Rc8
21. c5 Qd8 22. Qa4 Nf6 23. b5 Qd5 24. Rab1 Rhd8 25. Ne5 Qxd4 26. Nxc6+ bxc6 27.
bxc6+ Ka8 28. Qa6 Rb8 29. c7 Rxb1 30. cxd8=Q+ Qxd8 31. Rxb1 Qc7 32. c6 1-0

[Event "Ïåðâåíñòâî Ìîñêâû ïî øàõìàòàì 2015 ñðåäè"]
[Site "Moscow"]
[Date "2015.11.19"]
[Round "8.13"]
[White "Øåâåëåâ, Àëåêñàíäð."]
[Black "Ðîìàøèí, Äåíèñ."]
[Result "1-0"]
[WhiteElo "1496"]
[BlackElo "1820"]
[PlyCount "77"]
[EventDate "2015.11.12"]

1. d4 c6 2. c4 d5 3. Nf3 Nf6 4. Nc3 e6 5. cxd5 exd5 6. Qc2 Bd6 7. Bg5 h6 8. Bh4
Nbd7 9. e3 O-O 10. Bd3 Re8 11. O-O Qc7 12. Bg3 Bxg3 13. hxg3 Qd6 14. Rab1 Nf8
15. b4 a6 16. a4 Bd7 17. b5 cxb5 18. axb5 Rec8 19. Qb2 Ne6 20. Rfc1 Nc7 21. Ne5
Bxb5 22. Nxb5 Nxb5 23. Bxb5 axb5 24. Qxb5 Rxc1+ 25. Rxc1 Qa3 26. Rb1 Ra7 27.
Qb6 Qa2 28. Rf1 Qa5 29. Qd6 b5 30. Qb8+ Kh7 31. Nc6 Ra8 32. Qe5 Qb6 33. Qf5+
Kh8 34. Rc1 b4 35. Qb1 b3 36. Ne5 b2 37. Rc2 Ra1 38. Rc8+ Ng8 39. Nxf7# 1-0

[Event "Ïåðâåíñòâî Ìîñêâû ïî øàõìàòàì 2015 ñðåäè"]
[Site "Moscow"]
[Date "2015.11.19"]
[Round "8.14"]
[White "Àõìåòîâ, Ãàçèç."]
[Black "Àáäóëëàåâ, Ýëü÷èí."]
[Result "1/2-1/2"]
[WhiteElo "1649"]
[BlackElo "1731"]
[PlyCount "118"]
[EventDate "2015.11.12"]

1. d4 d5 2. Nc3 Nf6 3. Bg5 Nbd7 4. Nf3 e6 5. e4 h6 6. Bxf6 Nxf6 7. Bd3 Be7 8.
O-O O-O 9. e5 Nd7 10. Ne2 c5 11. c3 Qb6 12. Qd2 Nb8 13. Rad1 Nc6 14. Bb1 Bd7
15. Qc2 g6 16. Nf4 Be8 17. Rfe1 cxd4 18. Nxd4 Nxd4 19. Rxd4 Bg5 20. h4 Bxh4 21.
Nxd5 Bxf2+ 22. Qxf2 exd5 23. Rxd5 Qxf2+ 24. Kxf2 Bc6 25. Rd6 Rad8 26. Be4 Bxe4
27. Rxe4 Rfe8 28. Rc4 Rb8 29. Rc5 Re7 30. Kf3 Rbe8 31. Kf4 Kg7 32. c4 h5 33. g3
Rh8 34. Kg5 h4 35. gxh4 Rh5+ 36. Kg4 Rhxe5 37. Rxe5 Rxe5 38. Rd7 Re4+ 39. Kg3
Rxc4 40. Rxb7 Ra4 41. a3 Ra5 42. Rc7 a6 43. Rc6 f6 44. Rc7+ Kh6 45. Rc6 f5 46.
Rc3 Rd5 47. Rc4 Rd3+ 48. Kg2 Rb3 49. Ra4 Rxb2+ 50. Kg3 Rb6 51. Kf3 Kh5 52. Kg3
g5 53. hxg5 Kxg5 54. Kf3 Rc6 55. Kg3 Rf6 56. Ra5 Rb6 57. Ra4 Rb3+ 58. Kf2 Rb2+
59. Kg3 Rb3+ 1/2-1/2

[Event "Ïåðâåíñòâî Ìîñêâû ïî øàõìàòàì 2015 ñðåäè"]
[Site "Moscow"]
[Date "2015.11.19"]
[Round "8.15"]
[White "Ôèíêåëüøòåéí, Àëåêñàíäð."]
[Black "Ìåòåëåâ, Áîðèñ."]
[Result "1/2-1/2"]
[WhiteElo "1616"]
[BlackElo "1756"]
[PlyCount "126"]
[EventDate "2015.11.12"]

1. d4 c5 2. dxc5 e6 3. Nc3 Bxc5 4. Ne4 d5 5. Nxc5 Qa5+ 6. Qd2 Qxc5 7. Qg5 Qd4
8. Nf3 Qf6 9. Qg3 Nc6 10. c3 h6 11. Bf4 Nge7 12. h4 Ng6 13. Bd2 e5 14. e3 a6
15. Rd1 Be6 16. c4 dxc4 17. h5 Nf8 18. Bc3 Nd7 19. Nd2 Nc5 20. Bxc4 Bxc4 21.
Nxc4 Ne4 22. Qf3 Qxf3 23. gxf3 Nxc3 24. Nd6+ Ke7 25. bxc3 Rad8 26. Nf5+ Kf6 27.
e4 g6 28. hxg6 Rxd1+ 29. Kxd1 Kxg6 30. Kc2 Kg5 31. Rg1+ Kf6 32. Rb1 b5 33. a4
Ne7 34. Nxe7 Kxe7 35. axb5 axb5 36. Rxb5 Kf6 37. Kd3 h5 38. Ke3 Rc8 39. Rb3 Kg5
40. f4+ exf4+ 41. Kf3 Rc5 42. c4 f5 43. Rb5 Rxc4 44. Rxf5+ Kg6 45. Kxf4 Rc2 46.
f3 Rg2 47. Rf8 Kg7 48. Ra8 h4 49. Ra1 h3 50. Rh1 h2 51. Kf5 Kf7 52. f4 Ra2 53.
Kg4 Rb2 54. Kg3 Rb3+ 55. Kg2 Rb2+ 56. Kf3 Rb3+ 57. Kg4 Rb2 58. Kf5 Rg2 59. e5
Re2 60. Kg4 Rg2+ 61. Kf3 Ra2 62. Ke4 Re2+ 63. Kf5 Rg2 1/2-1/2

[Event "Ïåðâåíñòâî Ìîñêâû ïî øàõìàòàì 2015 ñðåäè"]
[Site "Moscow"]
[Date "2015.11.19"]
[Round "8.17"]
[White "Ñèíÿâèí, Ðîìàí."]
[Black "Ñìèðíîâ, Àðòåìèé."]
[Result "1-0"]
[WhiteElo "1625"]
[BlackElo "1529"]
[PlyCount "57"]
[EventDate "2015.11.12"]

1. e4 c5 2. c3 Nf6 3. e5 Nd5 4. d4 cxd4 5. cxd4 e6 6. Nc3 Nb6 7. Nf3 Be7 8. Bd3
d6 9. Bf4 dxe5 10. Nxe5 O-O 11. Be3 N8d7 12. Qc2 h6 13. Rd1 Qc7 14. Bf4 Nxe5
15. Bxe5 Bd6 16. Bxd6 Qxd6 17. O-O Bd7 18. Qe2 Bc6 19. Rfe1 Nd5 20. Qe4 Nf6 21.
Qh4 Qe7 22. Qh3 Rad8 23. Re3 Nh7 24. d5 Ng5 25. Qg3 Bd7 26. d6 Qf6 27. h4 Nh7
28. Rf3 Qd4 29. Bxh7+ 1-0

[Event "Ïåðâåíñòâî Ìîñêâû ïî øàõìàòàì 2015 ñðåäè"]
[Site "Moscow"]
[Date "2015.11.19"]
[Round "8.18"]
[White "Áóðàêîâ, Àëåêñàíäð."]
[Black "Ñó÷êîâ, Àëåêñàíäð."]
[Result "1/2-1/2"]
[WhiteElo "1758"]
[BlackElo "1873"]
[PlyCount "79"]
[EventDate "2015.11.12"]

1. c4 Nf6 2. Nf3 g6 3. g3 Bg7 4. Bg2 O-O 5. O-O c5 6. Nc3 Nc6 7. d4 cxd4 8.
Nxd4 Ng4 9. e3 d6 10. Bxc6 bxc6 11. Nxc6 Qd7 12. Nd5 Re8 13. Qf3 Bf8 14. Bd2
Bb7 15. Na5 Ne5 16. Qe2 Rec8 17. b3 Bg7 18. f4 Nc6 19. Nxc6 Rxc6 20. Rac1 Rac8
21. Bc3 Rc5 22. Bd4 Ra5 23. Qd2 Ra6 24. Bxg7 Kxg7 25. e4 Qe6 26. Qd4+ Kg8 27.
Rc2 Rc5 28. f5 Qd7 29. fxg6 hxg6 30. Rcf2 Bxd5 31. exd5 e5 32. dxe6 Qxe6 33.
Rf6 Qe7 34. R6f2 Rca5 35. a4 Rb6 36. Rf3 Re5 37. h4 f5 38. Rd3 Kh7 39. Kh1 Kh8
40. Kg1 1/2-1/2

[Event "Ïåðâåíñòâî Ìîñêâû ïî øàõìàòàì 2015 ñðåäè"]
[Site "Moscow"]
[Date "2015.11.19"]
[Round "8.19"]
[White "Êîìÿãèí, Ìèõàèë."]
[Black "Óòðîáèí, Åãîð."]
[Result "1-0"]
[WhiteElo "1862"]
[BlackElo "1674"]
[PlyCount "79"]
[EventDate "2015.11.12"]

1. Nf3 d5 2. g3 Nf6 3. Bg2 e6 4. O-O Be7 5. d3 O-O 6. Nbd2 c5 7. e4 Nc6 8. e5
Nd7 9. Re1 Qc7 10. Qe2 b5 11. Nf1 Bb7 12. Bf4 d4 13. h4 Rac8 14. N1h2 Ba6 15.
h5 c4 16. Ng4 cxd3 17. cxd3 Qb6 18. Ng5 Qd8 19. Nxh7 Re8 20. Nhf6+ Bxf6 21.
exf6 Nxf6 22. Bg5 Nb8 23. h6 Nbd7 24. hxg7 Rc5 25. Bh4 Kxg7 26. Nxf6 Nxf6 27.
Rac1 Qd6 28. Rxc5 Qxc5 29. Qf3 Ng8 30. Qf4 f6 31. Rc1 Qb4 32. a3 Qxb2 33. Rc7+
Re7 34. Rxe7+ Nxe7 35. Qxf6+ Kg8 36. Qxe6+ Kh8 37. Bf6+ Kh7 38. Qf7+ Kh6 39.
Qg7+ Kh5 40. g4# 1-0

[Event "Ïåðâåíñòâî Ìîñêâû ïî øàõìàòàì 2015 ñðåäè"]
[Site "Moscow"]
[Date "2015.11.19"]
[Round "8.20"]
[White "Ñåäîâ, Ìàðê."]
[Black "Ìõèòàðÿí, Àðñåí."]
[Result "1-0"]
[WhiteElo "1610"]
[BlackElo "1776"]
[PlyCount "99"]
[EventDate "2015.11.12"]

1. d4 d5 2. c4 e6 3. cxd5 exd5 4. Nc3 c6 5. Nf3 Bf5 6. Bf4 Bd6 7. Bxd6 Qxd6 8.
e3 Nd7 9. Bd3 Bxd3 10. Qxd3 Ngf6 11. O-O O-O 12. Qc2 Rfe8 13. h3 Ne4 14. Nxe4
dxe4 15. Nd2 Qd5 16. b4 a5 17. a3 f5 18. Nb3 axb4 19. axb4 Qb5 20. Qc3 Nb6 21.
Ra5 Rxa5 22. Nxa5 Nd5 23. Qc4 Qxb4 24. Qxb4 Nxb4 25. Nxb7 Rb8 26. Nd6 g6 27.
Rb1 Na6 28. Rxb8+ Nxb8 29. g4 fxg4 30. hxg4 g5 31. Nxe4 h6 32. Nc5 Kf7 33. Kf1
Kg6 34. Kg2 h5 35. gxh5+ Kxh5 36. Kf3 Kg6 37. Kg4 Kf6 38. f3 Kg6 39. e4 Kh6 40.
Kf5 Kg7 41. Kxg5 Kf7 42. f4 Kg7 43. f5 Kf7 44. e5 Kg7 45. e6 Kf8 46. Kf6 Ke8
47. e7 Na6 48. Nxa6 c5 49. dxc5 Kd7 50. Kf7 1-0

[Event "Ïåðâåíñòâî Ìîñêâû ïî øàõìàòàì 2015 ñðåäè"]
[Site "Moscow"]
[Date "2015.11.19"]
[Round "8.21"]
[White "Êàäûêîâ, Àëåêñàíäð."]
[Black "Áîðèñåíêî, Ñàâåëèé."]
[Result "0-1"]
[WhiteElo "1612"]
[BlackElo "1642"]
[PlyCount "74"]
[EventDate "2015.11.12"]

1. Nf3 c6 2. g3 d5 3. Bg2 Nf6 4. d3 Bg4 5. Nbd2 Nbd7 6. a3 e6 7. c4 Be7 8. O-O
O-O 9. b4 h6 10. Bb2 a5 11. c5 Nb8 12. Nb3 axb4 13. axb4 Na6 14. Qd2 Nc7 15.
Rxa8 Qxa8 16. Ra1 Qc8 17. h3 Bxf3 18. Bxf3 Nb5 19. Bg2 Qc7 20. Qe3 Nd7 21. d4
Bg5 22. f4 Be7 23. f5 Bg5 24. Qf3 exf5 25. Qxf5 Qxg3 26. Qf3 Qxf3 27. Bxf3 Re8
28. Kf1 Nf6 29. Na5 Re7 30. Rd1 Be3 31. Rd3 Bg5 32. Rd1 Nh7 33. Kg2 Bf6 34. Kf2
Ng5 35. Bg4 Ne6 36. e3 Bg5 37. Re1 Bh4+ 0-1

[Event "Ïåðâåíñòâî Ìîñêâû ïî øàõìàòàì 2015 ñðåäè"]
[Site "Moscow"]
[Date "2015.11.19"]
[Round "8.22"]
[White "Êîðíååíêî, Àëåêñåé."]
[Black "Ìàõìóäîâ, Äæîðäæ."]
[Result "0-1"]
[WhiteElo "1557"]
[BlackElo "1404"]
[PlyCount "162"]
[EventDate "2015.11.12"]

1. e4 d6 2. d4 Nf6 3. Nc3 g6 4. Be3 Bg7 5. Nf3 O-O 6. Bc4 Bg4 7. h3 Bxf3 8.
Qxf3 Nfd7 9. O-O e5 10. Rad1 Nc6 11. d5 Na5 12. Bd3 b6 13. Qe2 Nb7 14. Qd2 a5
15. Bh6 Nbc5 16. Bxg7 Kxg7 17. Ne2 Rc8 18. Ng3 Qh4 19. Qe3 Qh6 20. f4 Kg8 21.
Qd2 Kg7 22. f5 Qxd2 23. Rxd2 Nf6 24. Re2 Rfd8 25. Bb5 Rf8 26. Rf3 Ra8 27. Kf2
Ng8 28. Ke3 f6 29. fxg6 hxg6 30. Ref2 Ne7 31. Bd3 c6 32. c4 cxd5 33. cxd5 Rf7
34. h4 Rh8 35. h5 gxh5 36. Rf1 h4 37. Ne2 Ng6 38. Rh1 Rhf8 39. Rf5 Rh8 40. Bc2
Rff8 41. Kf3 Ne7 42. Kg4 Nxf5 43. exf5 Rfg8 44. Nc3 Kf7+ 45. Kf3 Ke7 46. Be4
Rg3+ 47. Kf2 Nd3+ 48. Ke2 Nf4+ 49. Kf2 Rg4 50. Bf3 Rg5 51. Be4 h3 52. g3 Nh5
53. Rxh3 Rhg8 54. Ne2 Ng7 55. Rh7 Rh5 56. Rxh5 Nxh5 57. Kf3 Ng7 58. Bd3 Rc8 59.
g4 Rc5 60. Ke4 Ne8 61. a4 Nc7 62. Nc3 Kf7 63. Be2 Kg7 64. Bf3 Rc4+ 65. Kd3 Rb4
66. Kc2 b5 67. Ne4 Ne8 68. axb5 Rxb5 69. Nc3 Rb4 70. Ne4 Kh6 71. Kc3 Rd4 72.
Ng3 Rf4 73. Be2 Kg5 74. Kd3 Rd4+ 75. Ke3 Rb4 76. Ne4+ Kh6 77. g5+ fxg5 78. f6
Rxe4+ 79. Kxe4 Nxf6+ 80. Kf5 Nxd5 81. Bd1 Ne3+ 0-1

[Event "Ïåðâåíñòâî Ìîñêâû ïî øàõìàòàì 2015 ñðåäè ìàëü÷èêîâ (Ì17)"]
[Site "Moscow"]
[Date "2015.11.20"]
[Round "9.1"]
[White "Ãàëàêòèîíîâ, Àðòåì"]
[Black "Ëåâåíøòåéí, Ìàðê"]
[Result "1-0"]
[WhiteElo "2206"]
[BlackElo "2110"]
[PlyCount "0"]
[EventDate "2015.11.12"]

1. d4 {[%clk 1:31:00]} Nf6 {[%clk 1:30:57]} 2. Nf3 {[%clk 1:31:24]} g6
{[%clk 1:31:20]} 3. c4 {[%clk 1:31:51]} Bg7 {[%clk 1:31:41]} 4. Nc3
{[%clk 1:32:18]} d6 {[%clk 1:32:06]} 5. e4 {[%clk 1:32:44]} O-O {[%clk 1:32:33]}
6. Be2 {[%clk 1:33:09]} e5 {[%clk 1:33:00]} 7. Be3 {[%clk 1:33:33]} Qe7
{[%clk 1:29:57]} 8. d5 {[%clk 1:30:33]} h6 {[%clk 1:22:29]} 9. Nd2
{[%clk 1:30:22]} Na6 {[%clk 1:16:17]} 10. a3 {[%clk 1:28:04]} Nh7
{[%clk 1:14:33]} 11. f3 {[%clk 1:23:49]} f5 {[%clk 1:14:30]} 12. Qc2
{[%clk 1:24:07]} c5 {[%clk 1:06:29]} 13. dxc6 {[%clk 1:19:03]} bxc6
{[%clk 1:06:55]} 14. O-O-O {[%clk 1:19:27]} Be6 {[%clk 1:01:13]} 15. Qa4
{[%clk 1:15:00]} Qb7 {[%clk 1:00:36]} 16. Nb3 {[%clk 1:10:41]} Rfb8
{[%clk 0:33:44]} 17. Rxd6 {[%clk 1:09:07]} Bf7 {[%clk 0:34:08]} 18. Rd2
{[%clk 1:07:14]} Ng5 {[%clk 0:30:57]} 19. Na5 {[%clk 1:06:19]} Qc7
{[%clk 0:30:19]} 20. Nxc6 {[%clk 1:06:28]} Be8 {[%clk 0:30:01]} 21. Nd5
{[%clk 1:06:41]} Qb7 {[%clk 0:29:38]} 22. Nce7+ {[%clk 1:04:34]} Kh7
{[%clk 0:29:57]} 23. Qa5 {[%clk 1:04:58]} f4 {[%clk 0:29:21]} 24. Bf2
{[%clk 1:05:09]} Ne6 {[%clk 0:28:13]} 25. c5 {[%clk 0:44:00]} Naxc5
{[%clk 0:26:16]} 26. Bxc5 {[%clk 0:43:57]} Nxc5 {[%clk 0:26:36]} 27. Qxc5
{[%clk 0:44:23]} Rc8 {[%clk 0:26:54]} 28. Nxc8 {[%clk 0:44:49]} Rxc8
{[%clk 0:27:17]} 29. Qxc8 {[%clk 0:45:17]} Qxc8+ {[%clk 0:27:38]} 30. Rc2
{[%clk 0:45:45]} Qb8 {[%clk 0:26:36]} 31. Rc7 {[%clk 0:46:00]} Bb5
{[%clk 0:22:39]} 32. Bxb5 {[%clk 0:46:09]} Qxb5 {[%clk 0:23:04]} 33. Rd1
{[%clk 0:45:55]} h5 {[%clk 0:15:08]} 34. Nc3 {[%clk 0:45:27]} Qa6
{[%clk 0:15:22]} 35. Rdd7 {[%clk 0:45:54]} Qf1+ {[%clk 0:15:48]} 36. Nd1
{[%clk 0:46:20]} Qxg2 {[%clk 0:16:08]} 37. Rxg7+ {[%clk 0:46:46]} Kh6
{[%clk 0:16:32]} 38. h4 {[%clk 0:47:12]} 1-0

[Event "Ïåðâåíñòâî Ìîñêâû ïî øàõìàòàì 2015 ñðåäè ìàëü÷èêîâ (Ì17)"]
[Site "Moscow"]
[Date "2015.11.20"]
[Round "9.2"]
[White "Õìåëåâ, Ìèõàèë"]
[Black "Ñìèðíîâ, Òèìîôåé"]
[Result "0-1"]
[WhiteElo "2026"]
[BlackElo "2298"]
[PlyCount "0"]
[EventDate "2015.11.12"]

1. e4 {[%clk 1:22:03]} c5 {[%clk 1:30:54]} 2. Nf3 {[%clk 1:22:07]} d6
{[%clk 1:31:18]} 3. d4 {[%clk 1:22:14]} cxd4 {[%clk 1:31:43]} 4. Nxd4
{[%clk 1:22:41]} Nf6 {[%clk 1:32:02]} 5. Nc3 {[%clk 1:23:06]} a6 {[%clk 1:28:26]}
6. f3 {[%clk 1:20:02]} e6 {[%clk 1:25:36]} 7. Be3 {[%clk 1:20:11]} Be7
{[%clk 1:25:50]} 8. Qd2 {[%clk 1:20:31]} Qc7 {[%clk 1:25:08]} 9. g4
{[%clk 1:20:33]} Nfd7 {[%clk 1:19:02]} 10. O-O-O {[%clk 1:16:29]} Ne5
{[%clk 1:18:57]} 11. g5 {[%clk 1:15:12]} Nbd7 {[%clk 1:16:17]} 12. f4
{[%clk 1:13:42]} Nc4 {[%clk 1:16:22]} 13. Bxc4 {[%clk 1:14:06]} Qxc4
{[%clk 1:16:51]} 14. Kb1 {[%clk 1:10:56]} b5 {[%clk 1:11:12]} 15. a3
{[%clk 0:57:48]} Bb7 {[%clk 1:03:26]} 16. f5 Rc8 {[%clk 0:58:39]} 17. Nb3
{[%clk 0:40:28]} Qc7 {[%clk 0:39:35]} 18. Rhf1 {[%clk 0:37:39]} Ne5
{[%clk 0:33:29]} 19. Qe2 {[%clk 0:31:47]} Nc4 {[%clk 0:26:12]} 20. Bc1
{[%clk 0:29:17]} Nxa3+ {[%clk 0:20:10]} 21. bxa3 {[%clk 0:29:19]} Qxc3
{[%clk 0:20:35]} 22. Bb2 {[%clk 0:29:41]} Qc4 {[%clk 0:20:47]} 23. Rfe1
{[%clk 0:19:01]} Qxe2 {[%clk 0:19:27]} 24. Rxe2 {[%clk 0:19:17]} Rg8
{[%clk 0:18:06]} 25. fxe6 {[%clk 0:17:41]} fxe6 {[%clk 0:18:29]} 26. Nd4
{[%clk 0:17:39]} Kd7 {[%clk 0:18:14]} 27. Rg1 {[%clk 0:15:58]} g6
{[%clk 0:18:26]} 28. Nf3 {[%clk 0:14:27]} Rgf8 {[%clk 0:17:42]} 29. Ne1
{[%clk 0:13:06]} e5 {[%clk 0:16:48]} 30. Nd3 {[%clk 0:12:33]} Ke6
{[%clk 0:16:27]} 31. h4 {[%clk 0:12:09]} Rc4 {[%clk 0:16:28]} 32. Rg4
{[%clk 0:11:30]} Rf1+ {[%clk 0:15:58]} 33. Bc1 {[%clk 0:10:55]} Bd8
{[%clk 0:15:57]} 34. Kb2 {[%clk 0:10:43]} Ba5 {[%clk 0:16:13]} 35. Kb3
{[%clk 0:09:07]} Ke7 {[%clk 0:15:14]} 36. Bb2 {[%clk 0:06:59]} Bc8
{[%clk 0:15:29]} 37. Rg3 {[%clk 0:07:00]} Be6 {[%clk 0:15:51]} 38. Nb4
{[%clk 0:06:05]} Rxb4+ {[%clk 0:16:16]} 0-1

[Event "Ïåðâåíñòâî Ìîñêâû ïî øàõìàòàì 2015 ñðåäè ìàëü÷èêîâ (Ì17)"]
[Site "Moscow"]
[Date "2015.11.20"]
[Round "9.3"]
[White "Øîøèí, Áîðèñ"]
[Black "Ãåðìàí, Íèêèòà"]
[Result "1-0"]
[WhiteElo "1981"]
[BlackElo "2061"]
[PlyCount "0"]
[EventDate "2015.11.12"]

1. d4 {[%clk 1:30:47]} Nf6 {[%clk 1:30:49]} 2. c4 {[%clk 1:30:32]} g6
{[%clk 1:31:11]} 3. Nc3 {[%clk 1:30:54]} d6 {[%clk 1:31:30]} 4. e4
{[%clk 1:31:20]} Bg7 {[%clk 1:31:54]} 5. f4 {[%clk 1:31:46]} O-O {[%clk 1:32:05]}
6. Nf3 {[%clk 1:32:08]} c5 {[%clk 1:32:20]} 7. d5 {[%clk 1:32:33]} e6
{[%clk 1:32:22]} 8. Bd3 {[%clk 1:32:58]} exd5 {[%clk 1:32:18]} 9. cxd5
{[%clk 1:33:26]} Re8 {[%clk 1:25:01]} 10. O-O {[%clk 1:33:50]} Nbd7
{[%clk 1:23:24]} 11. Re1 {[%clk 1:28:52]} Nb6 {[%clk 1:07:00]} 12. h3
{[%clk 1:21:53]} a6 {[%clk 0:55:43]} 13. a4 {[%clk 1:13:08]} Qc7 {[%clk 0:52:19]}
14. Bc2 {[%clk 0:43:20]} Nbd7 {[%clk 0:51:43]} 15. e5 {[%clk 0:21:46]} dxe5
{[%clk 0:49:47]} 16. d6 {[%clk 0:22:11]} Qd8 {[%clk 0:49:47]} 17. fxe5
{[%clk 0:22:32]} Nh5 {[%clk 0:50:05]} 18. Bg5 {[%clk 0:10:30]} f6
{[%clk 0:48:54]} 19. e6 {[%clk 0:10:02]} Rxe6 {[%clk 0:45:27]} 20. Rxe6
{[%clk 0:08:06]} fxg5 {[%clk 0:45:23]} 21. Qd5 {[%clk 0:07:40]} Kh8
{[%clk 0:44:37]} 22. Nxg5 {[%clk 0:06:48]} Qf8 {[%clk 0:45:00]} 23. Re7
{[%clk 0:04:19]} Nf4 {[%clk 0:40:28]} 24. Qf7 {[%clk 0:03:53]} Nf6
{[%clk 0:37:52]} 25. d7 {[%clk 0:02:15]} Bxd7 {[%clk 0:37:42]} 26. Rxd7
{[%clk 0:02:35]} Nxd7 {[%clk 0:38:08]} 27. Qxd7 {[%clk 0:02:53]} h6
{[%clk 0:38:15]} 28. Nf7+ {[%clk 0:02:43]} Kh7 {[%clk 0:38:41]} 29. Ne4
{[%clk 0:02:15]} Re8 {[%clk 0:38:27]} 30. Nf6+ {[%clk 0:02:19]} 1-0

[Event "Ïåðâåíñòâî Ìîñêâû ïî øàõìàòàì 2015 ñðåäè ìàëü÷èêîâ (Ì17)"]
[Site "Moscow"]
[Date "2015.11.20"]
[Round "9.4"]
[White "Òåéèòáàåâ, Àêòèëåê"]
[Black "×èëèíãàðÿí, Ïàâåë"]
[Result "0-1"]
[WhiteElo "2029"]
[BlackElo "2096"]
[PlyCount "0"]
[EventDate "2015.11.12"]

1. e4 {[%clk 1:30:26]} c5 {[%clk 1:30:56]} 2. Nf3 {[%clk 1:30:44]} d6
{[%clk 1:31:23]} 3. d4 {[%clk 1:31:08]} cxd4 {[%clk 1:31:49]} 4. Nxd4
{[%clk 1:31:37]} Nf6 {[%clk 1:32:14]} 5. Nc3 {[%clk 1:31:59]} a6 {[%clk 1:32:41]}
6. Be3 {[%clk 1:30:48]} e5 {[%clk 1:33:06]} 7. Nb3 {[%clk 1:31:13]} Be7
{[%clk 1:33:29]} 8. Bc4 {[%clk 1:25:38]} Qc7 {[%clk 1:31:57]} 9. Be2
{[%clk 1:22:20]} Be6 {[%clk 1:31:18]} 10. O-O {[%clk 1:22:13]} Nbd7
{[%clk 1:30:39]} 11. Nd5 {[%clk 1:19:12]} Nxd5 {[%clk 1:26:49]} 12. exd5
{[%clk 1:19:34]} Bf5 {[%clk 1:27:08]} 13. c4 {[%clk 1:19:23]} O-O
{[%clk 1:26:27]} 14. Rc1 {[%clk 1:19:39]} Rac8 {[%clk 1:21:51]} 15. Kh1
{[%clk 1:16:15]} Bg6 {[%clk 1:20:53]} 16. f4 exf4 {[%clk 1:18:35]} 17. Bxf4
{[%clk 1:08:13]} Nc5 {[%clk 1:11:33]} 18. Nxc5 {[%clk 1:03:04]} Qxc5
{[%clk 1:09:26]} 19. Qd2 {[%clk 1:02:37]} a5 {[%clk 1:04:38]} 20. a3
{[%clk 0:50:53]} a4 {[%clk 0:54:28]} 21. Rfd1 {[%clk 0:49:00]} Rfe8
{[%clk 0:47:39]} 22. Be3 {[%clk 0:45:37]} Qc7 {[%clk 0:48:01]} 23. Bg4
{[%clk 0:45:20]} Ra8 {[%clk 0:43:02]} 24. c5 dxc5 {[%clk 0:39:31]} 25. h4
{[%clk 0:12:00]} Qg3 {[%clk 0:33:42]} 26. Bh3 {[%clk 0:09:56]} Bd6
{[%clk 0:34:00]} 27. Bg1 {[%clk 0:10:07]} b6 {[%clk 0:29:05]} 28. Rc4
{[%clk 0:08:38]} Re4 {[%clk 0:26:30]} 29. Rxe4 {[%clk 0:08:14]} Bxe4
{[%clk 0:26:56]} 30. Qe3 {[%clk 0:08:41]} Qxh4 {[%clk 0:23:47]} 31. Bh2
{[%clk 0:07:41]} Re8 {[%clk 0:17:45]} 32. Kg1 {[%clk 0:07:54]} Qh5
{[%clk 0:16:38]} 33. Rd2 {[%clk 0:07:14]} Bxh2+ {[%clk 0:16:13]} 34. Kxh2
{[%clk 0:07:43]} Qe5+ {[%clk 0:16:35]} 35. g3 {[%clk 0:06:40]} Qh5
{[%clk 0:10:22]} 36. d6 {[%clk 0:05:58]} Qxh3+ {[%clk 0:10:21]} 37. Kxh3
{[%clk 0:05:58]} Bf5+ {[%clk 0:10:45]} 38. Kh4 {[%clk 0:06:12]} Rxe3
{[%clk 0:11:05]} 39. d7 {[%clk 0:06:41]} Bxd7 {[%clk 0:11:15]} 40. Rxd7
{[%clk 0:07:10]} g6 {[%clk 0:11:31]} 41. Ra7 {[%clk 0:06:31]} b5 {[%clk 0:11:53]}
42. Rd7 {[%clk 0:06:31]} Rb3 {[%clk 0:12:13]} 43. Rd2 {[%clk 0:06:53]} b4
{[%clk 0:12:14]} 44. Kg4 {[%clk 0:06:31]} bxa3 {[%clk 0:12:32]} 45. bxa3
{[%clk 0:07:00]} c4 {[%clk 0:12:26]} 46. Rd4 {[%clk 0:07:20]} Rc3
{[%clk 0:12:33]} 47. Kf4 {[%clk 0:07:34]} Kg7 {[%clk 0:12:50]} 48. g4
{[%clk 0:08:04]} h6 {[%clk 0:12:22]} 49. Ke5 {[%clk 0:07:04]} g5 {[%clk 0:12:10]}
50. Re4 {[%clk 0:06:35]} Rxa3 {[%clk 0:11:37]} 51. Rxc4 {[%clk 0:07:02]} Ra1
{[%clk 0:11:57]} 52. Rc6 {[%clk 0:06:58]} a3 {[%clk 0:12:20]} 53. Ra6
{[%clk 0:07:18]} a2 {[%clk 0:12:46]} 0-1

[Event "Ïåðâåíñòâî Ìîñêâû ïî øàõìàòàì 2015 ñðåäè ìàëü÷èêîâ (Ì17)"]
[Site "Moscow"]
[Date "2015.11.20"]
[Round "9.5"]
[White "Íàâðîäñêèé, Áîðèñ"]
[Black "Âîéíèêîíèñ, Íèêèòà"]
[Result "1-0"]
[WhiteElo "2173"]
[BlackElo "1874"]
[PlyCount "0"]
[EventDate "2015.11.12"]

1. d4 {[%clk 1:21:17]} d5 {[%clk 1:30:55]} 2. c4 {[%clk 1:21:43]} e6
{[%clk 1:31:19]} 3. Nc3 {[%clk 1:22:10]} Nf6 {[%clk 1:31:45]} 4. cxd5
{[%clk 1:22:36]} exd5 {[%clk 1:32:11]} 5. Bg5 {[%clk 1:23:02]} Be7
{[%clk 1:32:38]} 6. e3 {[%clk 1:23:28]} O-O {[%clk 1:32:54]} 7. Bd3
{[%clk 1:23:54]} h6 {[%clk 1:31:05]} 8. Bh4 {[%clk 1:23:28]} c5 {[%clk 1:30:36]}
9. Nf3 {[%clk 1:22:37]} Nc6 {[%clk 1:30:32]} 10. dxc5 {[%clk 1:21:57]} Be6
{[%clk 1:28:24]} 11. O-O {[%clk 1:20:54]} Bxc5 {[%clk 1:28:36]} 12. Rc1
{[%clk 1:19:50]} Re8 {[%clk 1:26:42]} 13. Bb1 {[%clk 1:15:45]} Be7
{[%clk 1:19:46]} 14. Nd4 {[%clk 1:14:54]} Ng4 {[%clk 1:09:50]} 15. Nxe6
{[%clk 1:05:57]} fxe6 {[%clk 1:07:01]} 16. Bxe7 {[%clk 1:06:17]} Qxe7
{[%clk 1:05:40]} 17. Qxg4 {[%clk 1:06:39]} Ne5 {[%clk 1:05:41]} 18. Qe2
{[%clk 1:06:12]} a6 {[%clk 1:04:48]} 19. Kh1 {[%clk 1:05:26]} Qh4
{[%clk 1:04:19]} 20. h3 {[%clk 1:05:20]} Rf8 {[%clk 1:04:05]} 21. f4
{[%clk 1:05:34]} Nc4 {[%clk 1:03:58]} 22. Qd3 {[%clk 1:05:37]} Rf5
{[%clk 1:03:18]} 23. e4 {[%clk 0:49:41]} Rxf4 {[%clk 1:02:52]} 24. exd5
{[%clk 0:49:53]} Raf8 {[%clk 1:02:36]} 25. Qh7+ {[%clk 0:46:01]} Kf7
{[%clk 1:03:02]} 26. Ne2 {[%clk 0:44:17]} Rf2 {[%clk 1:02:43]} 27. Rxf2+
{[%clk 0:44:16]} Qxf2 {[%clk 1:03:04]} 28. dxe6+ {[%clk 0:44:31]} Kxe6
{[%clk 1:02:37]} 29. Qg6+ {[%clk 0:43:41]} Rf6 {[%clk 1:01:50]} 30. Qg4+
{[%clk 0:44:01]} Ke7 {[%clk 1:01:59]} 31. Qxc4 1-0